000 01191nam0a22002531 4500
001 v19\rc\1209409
005 20260407123322.0
035 _a(NLR Aleph) 004373341
090 _a3529038
_c3529038
100 _a20060306d1871 |||y0rusy50 ca
101 0 _arus
102 _aRU
105 _ay z |||||
200 1 _aДополнительные статьи к Уставу общества Грязе-Царицынской железной дороги Борисоглебского земства, высочайше утвержденному 25 сентября 1870 года
210 _a[Санкт-Петербург
_d1871
215 _a8 с.
_d24
309 _aИзд. 1870 г. без тит. л. и обл.
517 0 _aУстав Общества Грязе-Царицынской железной дороги Борисоглебского земства, высочайше утвержденный 25 сентября 1870 года
710 0 2 _aГрязе-Царицынская железная дорога
_3RU\NLR\AUTH\889961670
_9419665
801 0 _aRU
_bNLR
_gpsbo
801 1 _aRU
_bProSoft-M
_2rusmarc
852 _aNLR
_bЗем
_j40-2/5
942 _cBOOK
980 _aNB